000 00793nam a2200241 a 4500
001 000013388
005 20200929163220.0
008 091123s1994 ag 000 f spa d
020 _a9500812835
040 _aDO-SdBNP
_bspa
_cBNPHU
041 1 7 _aspa
_heng
_2Código de idioma MARC
082 _a813.5
_bL665f
100 1 _aLevine, Paul,
_930633
240 1 0 _aFalse dawn,
_lespañol
245 1 0 _aFalso amanecer /
_cPaul Levine ; traductor, María Emilia Negri Beltrán.
260 _aBuenos Aires :
_bAtlántida,
_c1994.
300 _a319 p. ;
_c23 cm.
534 _pTítulo original en inglés:
_tFalse dawn
_c1993
650 4 _aNovela estadounidense
_9262
650 4 _aLiteratura estadounidense
_ysiglo XX
_96874
700 1 _aNegri Beltrán, María Emilia,
_etr.
_930634
049 _aBNGR
999 _c13014
_d13014